00339 2200145 4500001002100000005001500021035002000036245004200056100001800098300001200116260003100128082000800159084001400167990001200181INLIS00000000000199820250527083307 a0010-05250002901 aBohr & Teori Kuantum /cpaul stratern0 apaul stratern a100 hlm ajakarta :bErlangga,c2003 a500 a500 PAU b a0713100